|
|
|
|
| LEADER |
00719nab a2200205 i 4500 |
| 001 |
acta16821 |
| 005 |
20220509121202.0 |
| 008 |
161015s1992 hu o 0|| eng d |
| 022 |
|
|
|a 0563-0614
|
| 040 |
|
|
|a SZTE Egyetemi Kiadványok Repozitórium
|b hun
|
| 041 |
|
|
|a eng
|
| 100 |
1 |
|
|a Unger János
|
| 245 |
1 |
4 |
|a The seasonal system of urban temperature surplas in Szeged
|h [elektronikus dokumentum] /
|c Unger János
|
| 260 |
|
|
|c 1992
|
| 300 |
|
|
|a 49-57
|
| 490 |
0 |
|
|a Acta climatologica
|v 24-26
|
| 650 |
|
4 |
|a Természettudományok
|
| 650 |
|
4 |
|a Föld- és kapcsolódó környezettudományok
|
| 695 |
|
|
|a Hőmérséklet - Szeged
|
| 856 |
4 |
0 |
|u http://acta.bibl.u-szeged.hu/16821/1/climatologica_024_026_049-057.pdf
|z Dokumentum-elérés
|